000 00582nam a2200229Ia 4500
003 OSt
005 20220924135350.0
006 a|||||r|||| 00| 0
007 ta
008 220923b |||||||| |||| 00| 0 ben d
024 _a290770
037 _cTextual
040 _aARTS
_cARTS
_bben
041 _2ben
_aben
082 _aO142,3NS0,1, 157L7
100 _aSolzhenitsy
_9210192
245 0 _aGulag dwippunj
260 _c1977
650 _aRUSSIAN LITERATURE
_915056
942 _hO142,3NS0,1, 157L7
_cTEXL
_2CC
999 _c440443
_d440443